000 00625nam a22001937a 4500
005 20170822153205.0
010 _aENG-119974
020 _c1495.00
_a978818931139
035 _aEN-103506
037 _bDBAD/PUB
082 _a616.8
245 _aProgress in clinical neurosciences /
_cedited by V.P. Signh [and] Muralidharan Nair
260 _aDelhi
_bByword Books
_c2013
270 _aVirat Bhavan, Mukherjee Nagar Commercial Complex,
_bDelhi
_e110009
300 _aVolume 27, ix, 326p. :
_c22cm (Hb)
_bill
700 _aV.P Singh
700 _aNair, Muralidharan
942 _2ddc
_cEN
_h616.8
_mPRO
999 _c143664
_d143664